|
|
|
|
| LEADER |
01793nam a2200337 a 4500 |
| 001 |
43075 |
| 003 |
BD-DhAAL |
| 005 |
20241006120628.0 |
| 008 |
240911t2013 enk b 001 0 eng d |
| 010 |
|
|
|a 2012029884
|
| 020 |
|
|
|a 9780199970780 (pbk.)
|
| 020 |
|
|
|a 9780199970773 (hardback)
|
| 040 |
|
|
|a DLC
|c DLC
|d DLC
|d BD-DhAAL
|
| 042 |
|
|
|a pcc
|
| 050 |
0 |
0 |
|a HM742
|b .D55 2013
|
| 082 |
0 |
0 |
|a 302.30285
|2 23
|
| 100 |
1 |
|
|a Dijck, José van.
|9 56823
|
| 245 |
1 |
4 |
|a The culture of connectivity :
|b a critical history of social media /
|c José van Dijck.
|
| 264 |
|
|
|a Oxford ;
|a New York :
|b Oxford University Press,
|c c2013.
|
| 300 |
|
|
|a ix, 228 pages ;
|c 25 cm.
|
| 504 |
|
|
|a Includes bibliographical references (pages [177]-220) and index.
|
| 526 |
|
|
|a ESS
|x Dr. Moiyen Zalal Chowdhury,
Assistant Professor,
Economics and Social Sciences
Course name: Anthropology of Social Media (ANT211)
|
| 541 |
|
|
|a Book Finder International
|e 43075, 43076
|
| 650 |
|
0 |
|a Social media
|x History.
|9 56824
|
| 650 |
|
0 |
|a Online social networks
|x History.
|9 56825
|
| 650 |
|
0 |
|a Anthropology.
|
| 852 |
|
|
|a Ayesha Abed Library
|c General Stacks
|
| 942 |
|
|
|2 ddc
|c BK
|
| 999 |
|
|
|c 46637
|d 46637
|
| 952 |
|
|
|0 0
|1 0
|2 ddc
|4 0
|6 302_302850000000000_DIJ
|7 0
|9 76182
|a BRACUL
|b BRACUL
|c GEN
|d 2024-09-10
|e Book Finder International
|g 3765.00
|l 0
|o 302.30285 DIJ
|p 3010043075
|r 2024-09-10
|t 1
|v 3765.00
|w 2024-09-10
|y BK
|x Requisitioned by Dr. Moiyen Zalal Chowdhury for the course named- "Anthropology of Social Media (ANT211)".
|
| 952 |
|
|
|0 0
|1 0
|2 ddc
|4 0
|6 302_302850000000000_DIJ
|7 0
|9 76183
|a BRACUL
|b BRACUL
|c GEN
|d 2024-09-10
|e Book Finder International
|g 3765.00
|l 1
|m 1
|o 302.30285 DIJ
|p 3010043076
|r 2026-03-08
|s 2026-02-22
|t 2
|v 3765.00
|w 2024-09-10
|y BK
|x Requisitioned by Dr. Moiyen Zalal Chowdhury for the course named- "Anthropology of Social Media (ANT211)".
|